000 00573nam a2200181 i 4500
001 94700
003 ES-MaACL
005 20231229062543.0
007 t|
008 050512s1953 sp ||||1| spa d
100 1 _aLoynaz, Dulce María.
_974401
245 1 0 _aPoemas sin nombre /
_cDulce María Loynaz; nota preliminar de Federico Carlos Sainz de Robles.
260 _aMadrid :
_bAguilar,
_c1953.
300 _aXIX, 170 p. ;
_c20 cm.
700 1 _aSainz de Robles, Federico Carlos,
_d1898-1982
_9101593
852 _aES-MaACL
_jC-6462
_bR.35348
999 _c94700
_d94700